| 000 | 01578nam0a2200337 4500 | ||
|---|---|---|---|
| 001 | RU\NLR\bibl\64930 | ||
| 005 | 20250616092912.0 | ||
| 010 |
_a5-696-00943-3 _9100 |
||
| 021 |
_aRU _b98-36101 _91718 |
||
| 035 | _a(NLR Aleph) 000063335 | ||
| 090 |
_a346133 _c346133 |
||
| 100 | _a19991221d1998 |||y0rusy50 ca | ||
| 101 | 0 | _arus | |
| 102 | _aRU | ||
| 105 | _aa ||||||||| | ||
| 200 | 1 |
_aМетоды сечений. Построение эпюр внутренних силовых факторов _eУчеб. пособие _fН.М. Кононов, К.М. Кононов, О.С. Буслаева _gМ-во общ. и проф. образования Рос. Федерации, Южно-Урал. гос. ун-т. Каф. приклад. механики, динамики и прочности машин |
|
| 210 |
_aЧелябинск _cИзд. ЮУрГУ _d1998 |
||
| 215 |
_a77, [3] с. _cил. _d20 |
||
| 320 | _aБиблиогр. в конце кн. | ||
| 606 | 0 |
_aЭпюры _jРуководства, пособия и т.п. для высшей школы _xПостроение _91191361 _3RU\NLR\auth\66163112 |
|
| 606 | 0 |
_aЭпюры _jУчебные издания для высшей школы _xПостроение _91191361 _3RU\NLR\auth\66163112 |
|
| 686 | _aЖ121я73-1 | ||
| 700 | 1 |
_aКононов _bН. М. _4070 |
|
| 701 | 1 |
_aКононов _bК. М. _4070 |
|
| 701 | 1 |
_aБуслаева _bО. С. _4070 |
|
| 801 | 0 |
_aRU _bNLR _c19991221 _gPSBO |
|
| 801 | 1 |
_aRU _bNLR _c19991221 |
|
| 852 |
_aNLR _j99-4/8561 |
||
| 942 | _cBOOK | ||
| 980 | _aNB | ||